000 00729nab a22002297a 4500
001 19591
003 HDC
007 cr bn ---aaaaa
008 210128c20090320my ||||o |||| 00| 00eng d
040 _aHDC
245 0 _aMauritius looking to scrap visa requirements for all UAE travellers
336 _atext
_2rdacontent
337 _acomputer
_2rdamedia
338 _aonline resource
_2rdacarrier
650 _aTourism
_9880
650 _aTravellers
_917984
710 _aDagangHalal.com
856 _zRequest full-text at [email protected]
942 _2lcc
942 _cNEWS
942 _kNWSO 007738
999 _c16907
_d16907